Highland Romance Titles Quiz Stats

 Plays Quiz not verified by Sporcle

Challenge
Share
Tweet
Embed
Score 0/20 Timer 10:00
0 Plays Today
Book Title Missing word % Correct
Never ______ a Highlander (Maya Banks)Love
84.2%
In _________ With a Highlander (Maya Banks)Bed
73.7%
In the Highlander's _______ (Cathy Maxwell)Bed
73.7%
To ___________ A Highlander (Karen Marie Moning)Wed
52.6%
______ of the Highlander (Karen Marie Moning)Kiss
52.6%
______ by the Highlander (Julianne MacLeanCaptured
31.6%
The ______ With Highlanders (Mary Wine)Trouble
26.3%
______ the Highlander (Janet Chapman)Loving
21.1%
the Highlander's ______ (Karen Marie Moning)Touch
21.1%
The Highlander's _______ (Amanda Forester)Heart
15.8%
Book Title Missing word % Correct
The Highlander in Her _______ (Allie Mackey)Dreams
15.8%
______ of the Highlander (Karen Marie Moning)Spell
15.8%
________ With a Highlander (Janet Chapman)Only
10.5%
______ by the Highlander (Julianne MacLean)Seduced
10.5%
______ With a Highlander (Janet Chapman)Only
10.5%
______ of the Highlander (Janet Chapman)Secrets
10.5%
________ the Highlander (Jillian Cumming)Tempting
5.3%
The _______ Highlander (Claire Delacroix)Last
5.3%
_______ the Highlander (Michelle Sinclair)Desiring
5.3%
Highland _______ (Hannah Howell)Savage
5.3%

You're not logged in!

Compare scores with friends on all Sporcle quizzes.
OR
Log In

You Might Also Like...

Show Comments

Extras

Created Apr 30, 2012ReportNominate
Tags:Novel Quiz, highland, romance

Top Quizzes Today


Score Distribution

Your Account Isn't Verified!

In order to create a playlist on Sporcle, you need to verify the email address you used during registration. Go to your Sporcle Settings to finish the process.

Report this User

Report this user for behavior that violates our Community Guidelines.

Details: